| 000 | 00480nam a22001457a 4500 | ||
|---|---|---|---|
| 020 | _a978-1-4842-8216-8 | ||
| 082 |
_a006.3 _bNOK |
||
| 100 | _aNokeri, Tshepo Chris | ||
| 245 |
_a Artificial Intelligence in Medical Sciences and Psychology : _bWith Application of Machine Language, Computer Vision, and NLP Techniques / _cTshepo Chris Nokeri |
||
| 250 | _a1st ed. | ||
| 260 |
_aBerkeley : _bApress , _c2022. |
||
| 300 | _aix, 173 p : | ||
| 563 | _aPB | ||
| 942 |
_2ddc _cBK |
||
| 999 |
_c594817 _d594817 |
||